Pengajaran perdagangan dan keusahawanan

Bibliographic Details
Main Authors: Zaidatol Akmaliah Lope Pihie (Author), Habibah Elias (Author)
Format: Book
Published: Petaling Jaya : Fajar Bakti , 1987
Series:Siri pengajaran Fajar Bakti
Subjects:

MARC

LEADER 00000cam a2200000 7i4500
001 0000008822
005 20210310093000.0
008 021119n
020 |a 9676502170 
090 0 0 |a HF1176.M4   |b Z3 1987 
100 0 |a Zaidatol Akmaliah Lope Pihie ,   |e author 
245 0 0 |a Pengajaran perdagangan dan keusahawanan   |c Zaidatol Akmaliah, Habibah Elias 
260 2 |a Petaling Jaya :   |b Fajar Bakti ,   |c 1987 
300 |a 272 p. ; ;   |c 22 cm. 
440 0 0 |a Siri pengajaran Fajar Bakti 
504 |a Includes index 
650 0 |a Business education   |z Malaysia 
700 0 |a Habibah Elias ,   |e author 
998 0 0 |a HF1176.M4   |b Z3 
999 |a 1000010624   |b Book   |c OPEN SHELF (30 DAYS)   |e Gong Badak Campus 
999 |a 1000010626   |b Book   |c OPEN SHELF (30 DAYS)   |e Gong Badak Campus